[Event "Tradewise Gibraltar ChallWk2"]
[Site "Gibraltar"]
[Date "2017.01.28"]
[Round "1.11"]
[White "Carrascoso Morales, Abel"]
[Black "Pleasants, Allan J"]
[Result "1-0"]
[WhiteElo "2200"]
[BlackElo "2018"]
[PlyCount "115"]
[EventDate "2017.01.28"]
[EventType "swiss"]
[EventRounds "5"]
[EventCountry "GGB"]
[SourceTitle "BritBase"]
[Source "www.saund.co.uk"]
[SourceDate "2018.02.10"]
[SourceVersion "1"]
[SourceVersionDate "2018.02.10"]
[SourceQuality "1"]

1. d4 Nf6 2. c4 c5 3. d5 b5 4. cxb5 a6 5. f3 g6 6. e4 d6 7. Na3 Bg7 8. Ne2 O-O
9. Nc3 Nbd7 10. Be2 Nb6 11. O-O Ne8 12. Be3 Nc7 13. Qc2 Bd7 14. bxa6 Nxa6 15.
Qd2 Nb4 16. Nc4 Bd4 17. Rfc1 Nxc4 18. Bxc4 Bg7 19. Kh1 Qa5 20. a3 Na6 21. Rab1
Rab8 22. Bh6 Nc7 23. Bxg7 Kxg7 24. e5 Bf5 25. Ra1 Rb6 26. Qe2 Rfb8 27. b3 Ne8
28. e6 g5 29. g4 Bg6 30. exf7 Kxf7 31. h4 gxh4 32. f4 Kf8 33. f5 Bf7 34. Qc2
Nf6 35. g5 Ng4 36. g6 hxg6 37. fxg6 Bg8 38. g7+ Kf7 39. Rg1 Ne5 40. Raf1+ Ke8
41. Rf8+ Kd7 42. Qf5+ Kc7 43. Ne4 Qa8 44. Qg5 Kd7 45. Nxc5+ dxc5 46. Qxe5 Rxf8
47. gxf8=Q Qxf8 48. Qe4 Rf6 49. d6 Bxc4 50. dxe7 Qxe7 51. Qxc4 Qd6 52. Rg7+ Ke8
53. Rg8+ Rf8 54. Qe4+ Kd7 55. Rg7+ Kc8 56. Qa8+ Qb8 57. Qc6+ Kd8 58. Qd7# 1-0

[Event "Tradewise Gibraltar ChallWk2"]
[Site "Gibraltar"]
[Date "2017.01.28"]
[Round "1.12"]
[White "Suez-Panama, Gilles"]
[Black "De Graaf, Dick"]
[Result "1/2-1/2"]
[WhiteElo "2010"]
[BlackElo "2194"]
[PlyCount "84"]
[EventDate "2017.01.28"]
[EventType "swiss"]
[EventRounds "5"]
[EventCountry "GGB"]
[SourceTitle "BritBase"]
[Source "www.saund.co.uk"]
[SourceDate "2018.02.10"]
[SourceVersion "1"]
[SourceVersionDate "2018.02.10"]
[SourceQuality "1"]

1. d4 Nf6 2. Nf3 e6 3. c4 b6 4. a3 Ba6 5. e3 Be7 6. Nc3 O-O 7. Be2 d5 8. cxd5
Bxe2 9. Qxe2 exd5 10. Ne5 c6 11. O-O Bd6 12. f4 Qc8 13. Bd2 Qb7 14. Rf3 Re8 15.
Raf1 Nbd7 16. Rh3 Nf8 17. Be1 Rac8 18. Bh4 Be7 19. g4 c5 20. g5 N6d7 21. f5
cxd4 22. exd4 Nxe5 23. dxe5 Bc5+ 24. Bf2 Qe7 25. e6 fxe6 26. f6 gxf6 27. gxf6
Qf7 28. Rg3+ Ng6 29. h4 Kh8 30. h5 Nf4 31. Qe5 Nxh5 32. Rg2 Rg8 33. Bxc5 Rxg2+
34. Kxg2 bxc5 35. Nb5 Rg8+ 36. Kf2 Nxf6 37. Ke1 Rg6 38. Nd6 Qe7 39. Nf5 Qf7 40.
Nd6 Qe7 41. Nf5 Qf7 42. Nd6 Qe7 1/2-1/2

[Event "Tradewise Gibraltar ChallWk2"]
[Site "Gibraltar"]
[Date "2017.01.28"]
[Round "1.13"]
[White "Fawole, John Oyeyemi"]
[Black "Byrn, Carsten"]
[Result "1-0"]
[WhiteElo "2186"]
[BlackElo "2003"]
[PlyCount "77"]
[EventDate "2017.01.28"]
[EventType "swiss"]
[EventRounds "5"]
[EventCountry "GGB"]
[SourceTitle "BritBase"]
[Source "www.saund.co.uk"]
[SourceDate "2018.02.10"]
[SourceVersion "1"]
[SourceVersionDate "2018.02.10"]
[SourceQuality "1"]

1. d4 Nf6 2. Nf3 c5 3. c4 cxd4 4. Nxd4 e5 5. Nb5 d5 6. cxd5 Bc5 7. e3 O-O 8.
N5c3 e4 9. Be2 Qe7 10. O-O Rd8 11. Qb3 Nbd7 12. Nd2 Nb6 13. Rd1 Bf5 14. Nf1 h5
15. a4 Qe5 16. a5 Nbxd5 17. Nxd5 Rxd5 18. Qxb7 Rad8 19. Rxd5 Rxd5 20. Bd2 Rd7
21. Qc8+ Kh7 22. Bc3 Qe7 23. Bxf6 gxf6 24. Rc1 Bd6 25. Bxh5 Kg7 26. Be2 Be6 27.
Qc2 f5 28. Qc3+ f6 29. Bc4 Rc7 30. b3 Bb4 31. Qa1 Ba3 32. Rc2 Bd6 33. Qd1 f4
34. exf4 Bxf4 35. g3 Be5 36. Bxe6 Qxe6 37. Ne3 Rd7 38. Rd2 Rb7 39. Qh5 1-0

[Event "Tradewise Gibraltar ChallWk2"]
[Site "Gibraltar"]
[Date "2017.01.28"]
[Round "1.14"]
[White "Mottonen, Ari"]
[Black "Truran, Michael C"]
[Result "1/2-1/2"]
[WhiteElo "1997"]
[BlackElo "2183"]
[PlyCount "40"]
[EventDate "2017.01.28"]
[EventType "swiss"]
[EventRounds "5"]
[EventCountry "GGB"]
[SourceTitle "BritBase"]
[Source "www.saund.co.uk"]
[SourceDate "2018.02.10"]
[SourceVersion "1"]
[SourceVersionDate "2018.02.10"]
[SourceQuality "1"]

1. Nf3 c5 2. g3 b6 3. Bg2 Bb7 4. O-O Nf6 5. c4 e6 6. Nc3 Be7 7. d3 O-O 8. e4 d6
9. Ne1 Nc6 10. Nc2 Rb8 11. f4 a6 12. b3 Nd4 13. Ne3 b5 14. f5 b4 15. Ne2 e5 16.
g4 h6 17. Ng3 Nh7 18. Bb2 Bg5 19. Bxd4 exd4 20. Nd5 Bxd5 1/2-1/2

[Event "Tradewise Gibraltar ChallWk2"]
[Site "Gibraltar"]
[Date "2017.01.28"]
[Round "1.15"]
[White "Osuna Vega, Enrique"]
[Black "Van De Groep, William"]
[Result "1-0"]
[WhiteElo "2181"]
[BlackElo "1994"]
[PlyCount "103"]
[EventDate "2017.01.28"]
[EventType "swiss"]
[EventRounds "5"]
[EventCountry "GGB"]
[SourceTitle "BritBase"]
[Source "www.saund.co.uk"]
[SourceDate "2018.02.10"]
[SourceVersion "1"]
[SourceVersionDate "2018.02.10"]
[SourceQuality "1"]

1. e4 e6 2. d4 d5 3. Nc3 Nf6 4. e5 Nfd7 5. f4 c5 6. Nf3 Nc6 7. Be3 cxd4 8. Nxd4
Bc5 9. Qd2 a6 10. Qf2 Nxd4 11. Bxd4 Qc7 12. O-O-O b5 13. Bd3 b4 14. Na4 Bxd4
15. Qxd4 Qa5 16. b3 Bb7 17. f5 Bc6 18. fxe6 fxe6 19. Qg4 Bxa4 20. Qxe6+ Kd8 21.
bxa4 Re8 22. Qd6 Qc5 23. Bxh7 Rxe5 24. Qxc5 Nxc5 25. Bg8 Kc7 26. Rxd5 Rxd5 27.
Bxd5 Rf8 28. a5 Rf5 29. Bc4 Rf2 30. Rg1 Nb7 31. Rf1 Rxf1+ 32. Bxf1 Nxa5 33.
Bxa6 Kb6 34. Bd3 Nc6 35. Kb2 Kc5 36. c3 Ne5 37. cxb4+ Kxb4 38. Be2 Nc6 39. a3+
Kc5 40. Kc3 Nd4 41. Bd3 Ne6 42. Be4 Nf4 43. Bf3 Ng6 44. a4 Ne5 45. Be2 Nc6 46.
Bf3 Ne5 47. Be4 Nd7 48. Bd3 Ne5 49. a5 Ng4 50. a6 Kb6 51. Kd4 Nf2 52. Be2 1-0

[Event "Tradewise Gibraltar ChallWk2"]
[Site "Gibraltar"]
[Date "2017.01.28"]
[Round "1.16"]
[White "Amgalanbaatar, Ravdanlkhumbuu"]
[Black "Aroven, Mikael"]
[Result "1-0"]
[WhiteElo "1988"]
[BlackElo "2172"]
[PlyCount "107"]
[EventDate "2017.01.28"]
[EventType "swiss"]
[EventRounds "5"]
[EventCountry "GGB"]
[SourceTitle "BritBase"]
[Source "www.saund.co.uk"]
[SourceDate "2018.02.10"]
[SourceVersion "1"]
[SourceVersionDate "2018.02.10"]
[SourceQuality "1"]

1. e4 d6 2. d4 g6 3. Nc3 Bg7 4. Be3 a6 5. a4 b6 6. Qd2 Nd7 7. Nf3 Bb7 8. Bc4 e6
9. Bg5 Qc8 10. O-O h6 11. Be3 Ngf6 12. e5 Ng4 13. d5 Ndxe5 14. Nxe5 Nxe5 15.
Bb3 Qd7 16. Rae1 O-O-O 17. f4 Ng4 18. dxe6 Qe7 19. Nd5 Qh4 20. g3 Qh3 21. exf7
Kb8 22. Qg2 Qxg2+ 23. Kxg2 Bxb2 24. h3 Nf6 25. c4 Rdf8 26. Re2 Nxd5 27. cxd5
Bf6 28. Bd2 Rxf7 29. Rfe1 Rff8 30. Re6 Kc8 31. Rxf6 Rxf6 32. Bc3 Rff8 33. Bxh8
Rxh8 34. Re7 c6 35. Re6 c5 36. Rxd6 b5 37. axb5 axb5 38. Rb6 Rd8 39. Rxb5 Bxd5+
40. Bxd5 Rxd5 41. Rb6 Kc7 42. Rxg6 c4 43. Ra6 c3 44. Ra1 Kc6 45. Kf3 h5 46. Ke4
c2 47. Rc1 Rd2 48. g4 h4 49. Kf5 Rd5+ 50. Kg6 Rc5 51. f5 Kd6 52. f6 Ke6 53. f7
Ke7 54. Re1+ 1-0

[Event "Tradewise Gibraltar ChallWk2"]
[Site "Gibraltar"]
[Date "2017.01.28"]
[Round "1.17"]
[White "Alberto, Manuel"]
[Black "Cholleti, Sahajasri"]
[Result "1/2-1/2"]
[WhiteElo "2168"]
[BlackElo "1987"]
[PlyCount "70"]
[EventDate "2017.01.28"]
[EventType "swiss"]
[EventRounds "5"]
[EventCountry "GGB"]
[SourceTitle "BritBase"]
[Source "www.saund.co.uk"]
[SourceDate "2018.02.10"]
[SourceVersion "1"]
[SourceVersionDate "2018.02.10"]
[SourceQuality "1"]

1. e4 c5 2. Nf3 d6 3. d4 cxd4 4. Nxd4 Nf6 5. Nc3 a6 6. Bg5 e6 7. Qf3 h6 8. Be3
Bd7 9. Qg3 Nc6 10. O-O-O Nxd4 11. Bxd4 e5 12. Be3 Be6 13. f3 Rc8 14. Qe1 Qa5
15. a3 b5 16. Nd5 Qxe1 17. Nxf6+ gxf6 18. Rxe1 f5 19. Bd3 fxe4 20. Bxe4 d5 21.
Bd3 f6 22. Re2 Kf7 23. Rf1 h5 24. Rfe1 h4 25. Kb1 Bc5 26. a4 Bxe3 27. Rxe3 Rc5
28. b4 Rc6 29. axb5 axb5 30. Kb2 Ra8 31. Ra1 Rxa1 32. Kxa1 Ra6+ 33. Kb2 Ra4 34.
Bxb5 Rxb4+ 35. Rb3 Rxb3+ 1/2-1/2

[Event "Tradewise Gibraltar ChallWk2"]
[Site "Gibraltar"]
[Date "2017.01.28"]
[Round "1.19"]
[White "Gonzalez Gonzalez, Alfonso"]
[Black "Gostelow, David W"]
[Result "1-0"]
[WhiteElo "2162"]
[BlackElo "1970"]
[PlyCount "99"]
[EventDate "2017.01.28"]
[EventType "swiss"]
[EventRounds "5"]
[EventCountry "GGB"]
[SourceTitle "BritBase"]
[Source "www.saund.co.uk"]
[SourceDate "2018.02.10"]
[SourceVersion "1"]
[SourceVersionDate "2018.02.10"]
[SourceQuality "1"]

1. d4 d5 2. Bg5 h6 3. Bh4 c6 4. e3 Qb6 5. b3 e5 6. Nf3 e4 7. Nfd2 Be7 8. Bg3
Nf6 9. Be2 O-O 10. O-O Qd8 11. c4 Bd6 12. Nc3 Re8 13. Rb1 Bxg3 14. hxg3 Bf5 15.
b4 Nbd7 16. Qb3 Bg4 17. b5 Bxe2 18. Nxe2 Qa5 19. Rb2 a6 20. Nc3 axb5 21. cxb5
Qc7 22. Rc1 Qd6 23. Na4 Ra5 24. bxc6 bxc6 25. Qc2 Rea8 26. Nc3 R5a6 27. Ncb1 g6
28. Nb3 Kg7 29. Qe2 h5 30. Rbc2 Ng4 31. a3 Rb6 32. Nc5 Ngf6 33. a4 Rab8 34. Nd2
Ra8 35. Ndb3 Rh8 36. a5 Rb5 37. a6 h4 38. g4 h3 39. g3 Nb6 40. Kh2 Nc4 41. g5
Ne8 42. a7 Nc7 43. Nxe4 Qa3 44. Ned2 Rxb3 45. Nxc4 dxc4 46. Qxc4 Ra8 47. Qxc6
Rxa7 48. Qf6+ Kg8 49. Rxc7 Rxc7 50. Rxc7 1-0

[Event "Tradewise Gibraltar ChallWk2"]
[Site "Gibraltar"]
[Date "2017.01.28"]
[Round "1.20"]
[White "Odeh, Kenneth"]
[Black "Smith, Andrew Philip"]
[Result "1/2-1/2"]
[WhiteElo "1969"]
[BlackElo "2152"]
[PlyCount "49"]
[EventDate "2017.01.28"]
[EventType "swiss"]
[EventRounds "5"]
[EventCountry "GGB"]
[SourceTitle "BritBase"]
[Source "www.saund.co.uk"]
[SourceDate "2018.02.10"]
[SourceVersion "1"]
[SourceVersionDate "2018.02.10"]
[SourceQuality "1"]

1. e4 c5 2. Nc3 Nc6 3. g3 d6 4. Bg2 g5 5. h3 Nf6 6. d3 h6 7. Be3 Qb6 8. Rb1 Bg7
9. Nge2 Qa5 10. O-O Bd7 11. a3 a6 12. d4 cxd4 13. Nxd4 Ne5 14. Nb3 Qc7 15. Nd2
Be6 16. Na4 Nfd7 17. b3 f5 18. f4 gxf4 19. gxf4 Nf7 20. c4 Rg8 21. Kh1 Bh8 22.
Qc2 Nc5 23. Nxc5 dxc5 24. e5 Bd7 25. Nf3 1/2-1/2

[Event "Tradewise Gibraltar ChallWk2"]
[Site "Gibraltar"]
[Date "2017.01.28"]
[Round "1.21"]
[White "Herzwurm, Robert"]
[Black "Clark, Ian C"]
[Result "0-1"]
[WhiteElo "2143"]
[BlackElo "1969"]
[PlyCount "60"]
[EventDate "2017.01.28"]
[EventType "swiss"]
[EventRounds "5"]
[EventCountry "GGB"]
[SourceTitle "BritBase"]
[Source "www.saund.co.uk"]
[SourceDate "2018.02.10"]
[SourceVersion "1"]
[SourceVersionDate "2018.02.10"]
[SourceQuality "1"]

1. e4 c5 2. Nc3 Nc6 3. f4 g6 4. Nf3 Bg7 5. Bb5 Nd4 6. O-O Nxb5 7. Nxb5 d6 8. d3
Bd7 9. Nc3 e6 10. Qe1 Ne7 11. f5 gxf5 12. Qg3 Bxc3 13. bxc3 fxe4 14. dxe4 Rg8
15. Ng5 f6 16. Qf3 Qa5 17. Qxf6 O-O-O 18. Qxe7 Qxc3 19. Bf4 e5 20. Qxd6 exf4
21. Qxf4 Qg7 22. h4 h6 23. Qd6 hxg5 24. Qxc5+ Bc6 25. Qf5+ Kb8 26. Rad1 Rxd1
27. Rxd1 gxh4 28. Qf4+ Ka8 29. Rd2 h3 30. Kh2 hxg2 0-1

[Event "Tradewise Gibraltar ChallWk2"]
[Site "Gibraltar"]
[Date "2017.01.28"]
[Round "1.22"]
[White "Spanton, Tim R"]
[Black "Jordan Martinez, Miguel"]
[Result "0-1"]
[WhiteElo "1964"]
[BlackElo "2142"]
[PlyCount "148"]
[EventDate "2017.01.28"]
[EventType "swiss"]
[EventRounds "5"]
[EventCountry "GGB"]
[SourceTitle "BritBase"]
[Source "www.saund.co.uk"]
[SourceDate "2018.02.10"]
[SourceVersion "1"]
[SourceVersionDate "2018.02.10"]
[SourceQuality "1"]

1. e4 e6 2. d3 c5 3. Nf3 Nc6 4. c3 d6 5. d4 cxd4 6. cxd4 d5 7. exd5 Qxd5 8. Nc3
Qa5 9. Bd3 Nf6 10. O-O Be7 11. Qe2 O-O 12. Ne4 Rd8 13. Bd2 Qh5 14. Bc3 b6 15.
Rad1 Bb7 16. a3 Rac8 17. Rfe1 Na5 18. Ng3 Qd5 19. Nf5 exf5 20. Qxe7 Re8 21. Qb4
Ne4 22. Qb5 Nb3 23. Nd2 Nbxd2 24. Bxd2 Qxd4 25. Be3 Qf6 26. Bf4 Bc6 27. Qb4 h6
28. Ba6 Rcd8 29. Be3 Qg6 30. Bf1 Ng5 31. Bxg5 Qxg5 32. Qc3 Be4 33. f3 Ba8 34.
h3 Kh7 35. Qb3 Rxe1 36. Rxe1 Bd5 37. Qc3 Be6 38. Kh1 Qg3 39. Qe3 Rd6 40. Rc1
Rd7 41. Bb5 Rd8 42. Bf1 Rd5 43. Re1 Qd6 44. Bc4 Rd1 45. Bxe6 Rxe1+ 46. Qxe1
fxe6 47. Qe2 Kg6 48. Qc2 Kf6 49. Qa4 a5 50. Qh4+ Kg6 51. Qe1 e5 52. Qg3+ Kf7
53. h4 g6 54. Kh2 Qe6 55. Qf2 Qd6 56. g3 Qc6 57. Qe3 e4 58. Qxh6 Qc2+ 59. Kh3
exf3 60. Qh7+ Kf6 61. Qh8+ Ke6 62. Qe8+ Kd5 63. Qa8+ Qc6 64. Qg8+ Ke4 65. Qb3
Qc1 66. Qe6+ Kd3 67. Qd5+ Ke2 68. Qb5+ Ke1 69. Qe5+ Kf2 70. Qd4+ Qe3 71. Qd6
Ke2 72. Qd5 f2 73. Qb5+ Qd3 74. Qe5+ Kd1 0-1

[Event "Tradewise Gibraltar ChallWk2"]
[Site "Gibraltar"]
[Date "2017.01.28"]
[Round "1.23"]
[White "Santos Izquierdo, Francisco J"]
[Black "Mircov, Nicola-Alexandar"]
[Result "1-0"]
[WhiteElo "2133"]
[BlackElo "1957"]
[PlyCount "101"]
[EventDate "2017.01.28"]
[EventType "swiss"]
[EventRounds "5"]
[EventCountry "GGB"]
[SourceTitle "BritBase"]
[Source "www.saund.co.uk"]
[SourceDate "2018.02.10"]
[SourceVersion "1"]
[SourceVersionDate "2018.02.10"]
[SourceQuality "1"]

1. c4 c5 2. Nf3 Nf6 3. g3 b6 4. Bg2 Bb7 5. Nc3 g6 6. O-O Bg7 7. d4 cxd4 8. Qxd4
O-O 9. Qh4 d6 10. Be3 Nbd7 11. Rac1 Rc8 12. Rfd1 Re8 13. b3 Qc7 14. Bd4 Qb8 15.
Bh3 Qa8 16. Ng5 h6 17. Bxf6 Nxf6 18. Bxc8 Rxc8 19. Nf3 g5 20. Qd4 Ne4 21. Qe3
Nxc3 22. Rxc3 Bxc3 23. Qxc3 Bxf3 24. exf3 b5 25. Rd4 bxc4 26. bxc4 Qb7 27. Qd2
Qxf3 28. h4 Rb8 29. Qc1 Qf6 30. Qe3 Rb2 31. hxg5 hxg5 32. Rg4 a5 33. Rxg5+ Kf8
34. Rb5 Rxa2 35. Rb8+ Kg7 36. Rb7 a4 37. Ra7 e6 38. Ra8 d5 39. cxd5 exd5 40.
Qc5 d4 41. Qf8+ Kg6 42. Qg8+ Kf5 43. Qh7+ Qg6 44. Qh3+ Ke4 45. Re8+ Kd3 46.
Qf1+ Kc3 47. Rc8+ Kb3 48. Qb5+ Ka3 49. Qc5+ Kb2 50. Rb8+ Ka1 51. Qc1+ 1-0

[Event "Tradewise Gibraltar ChallWk2"]
[Site "Gibraltar"]
[Date "2017.01.28"]
[Round "1.24"]
[White "Christophe-Hayot, Romain"]
[Black "Bottema, Martin"]
[Result "0-1"]
[WhiteElo "1784"]
[BlackElo "2128"]
[PlyCount "47"]
[EventDate "2017.01.28"]
[EventType "swiss"]
[EventRounds "5"]
[EventCountry "GGB"]
[SourceTitle "BritBase"]
[Source "www.saund.co.uk"]
[SourceDate "2018.02.10"]
[SourceVersion "1"]
[SourceVersionDate "2018.02.10"]
[SourceQuality "1"]

1. e4 e5 2. Nf3 Nc6 3. Bb5 a6 4. Bxc6 dxc6 5. d4 exd4 6. Qxd4 Qxd4 7. Nxd4 Bd7
8. Bg5 h6 9. Bf4 O-O-O 10. c3 Re8 11. Nd2 f5 12. f3 Nf6 13. O-O fxe4 14. Rae1
c5 15. Nc2 Bc6 16. c4 g5 17. Be3 Bd6 18. f4 Ng4 19. g3 Nxe3 20. Nxe3 gxf4 21.
gxf4 Ref8 22. f5 Be5 23. b3 Rhg8+ 24. Kh1 0-1

[Event "Tradewise Gibraltar ChallWk2"]
[Site "Gibraltar"]
[Date "2017.01.28"]
[Round "1.25"]
[White "Jordan Martinez, David"]
[Black "Van Kemenade, Rudy"]
[Result "1-0"]
[WhiteElo "2122"]
[BlackElo "1955"]
[PlyCount "83"]
[EventDate "2017.01.28"]
[EventType "swiss"]
[EventRounds "5"]
[EventCountry "GGB"]
[SourceTitle "BritBase"]
[Source "www.saund.co.uk"]
[SourceDate "2018.02.10"]
[SourceVersion "1"]
[SourceVersionDate "2018.02.10"]
[SourceQuality "1"]

1. e4 e5 2. Nf3 Nf6 3. Nxe5 d6 4. Nf3 Nxe4 5. Nc3 Nxc3 6. dxc3 Be7 7. Bf4 O-O
8. Qd2 Qe8 9. O-O-O Qa4 10. Kb1 Be6 11. b3 Qa5 12. Bg5 Nc6 13. h4 h6 14. Bxe7
Nxe7 15. Nd4 Nd5 16. Kb2 Rae8 17. Bd3 Bd7 18. g4 c5 19. Nf5 Bxf5 20. Bxf5 Ne7
21. Qxd6 Nxf5 22. gxf5 Rd8 23. Qf4 Rxd1 24. Rxd1 Rd8 25. Rg1 Kh7 26. f6 g6 27.
Re1 Qb6 28. Re7 Rf8 29. Qf3 a5 30. Rxb7 Qd6 31. Ra7 Qb6 32. Rb7 Qe6 33. Rc7 Qe5
34. Qc6 h5 35. Qxc5 Qxc5 36. Rxc5 Re8 37. f4 Re4 38. Rc4 Re2 39. b4 Re6 40. b5
Rxf6 41. Rd4 Rf5 42. c4 1-0

[Event "Tradewise Gibraltar ChallWk2"]
[Site "Gibraltar"]
[Date "2017.01.28"]
[Round "1.26"]
[White "Cramling Bellon, Anna Yolanda"]
[Black "Vinas Guerrero, Carlos A"]
[Result "0-1"]
[WhiteElo "1954"]
[BlackElo "2111"]
[PlyCount "130"]
[EventDate "2017.01.28"]
[EventType "swiss"]
[EventRounds "5"]
[EventCountry "GGB"]
[SourceTitle "BritBase"]
[Source "www.saund.co.uk"]
[SourceDate "2018.02.10"]
[SourceVersion "1"]
[SourceVersionDate "2018.02.10"]
[SourceQuality "1"]

1. d4 Nf6 2. c4 d6 3. Nf3 g6 4. Bf4 Bg7 5. h3 c5 6. e3 Qb6 7. Qd2 Ne4 8. Qc2
Nc6 9. Nc3 Nxc3 10. bxc3 e5 11. Rb1 Qc7 12. dxe5 dxe5 13. Bh2 O-O 14. Be2 f5
15. O-O Qe7 16. Rfd1 Be6 17. Qb2 b6 18. Qb5 Rac8 19. Ne1 Na5 20. Nc2 Rcd8 21.
Na3 Rxd1+ 22. Rxd1 Rd8 23. Qa4 Rxd1+ 24. Qxd1 a6 25. Qd2 Qd7 26. Qxd7 Bxd7 27.
f3 Kf7 28. Kf1 Ke6 29. Ke1 Bc6 30. Kd2 Bh6 31. Bf1 Nb7 32. g4 Bxf3 33. gxf5+
gxf5 34. Nc2 Nd6 35. Ne1 Ne4+ 36. Kc2 Bh5 37. Bg1 Bg5 38. Bg2 Nd6 39. Bd5+ Kf6
40. Kd2 Bf7 41. Kd3 e4+ 42. Kc2 Nxc4 43. Bxf7 Kxf7 44. Ng2 Ke6 45. h4 Bh6 46.
Bf2 b5 47. Bg1 Kd5 48. Bf2 Ne5 49. Kd2 Ng4 50. Bg1 a5 51. Kc2 Kc4 52. Kd2 a4
53. Kc2 Bg7 54. Nf4 Bxc3 55. Ne6 b4 56. Ng5 b3+ 57. axb3+ axb3+ 58. Kb1 h6 59.
Nf7 Kd3 60. Nd6 Bd2 61. Nxf5 c4 62. Nd4 Bxe3 63. Bxe3 Nxe3 64. Ne6 Nd5 65. Nc5+
Kd4 0-1

[Event "Tradewise Gibraltar ChallWk2"]
[Site "Gibraltar"]
[Date "2017.01.28"]
[Round "1.27"]
[White "Schouten, Freek"]
[Black "Ramirez Dominguez, Agustin"]
[Result "1-0"]
[WhiteElo "2095"]
[BlackElo "1947"]
[PlyCount "61"]
[EventDate "2017.01.28"]
[EventType "swiss"]
[EventRounds "5"]
[EventCountry "GGB"]
[SourceTitle "BritBase"]
[Source "www.saund.co.uk"]
[SourceDate "2018.02.10"]
[SourceVersion "1"]
[SourceVersionDate "2018.02.10"]
[SourceQuality "1"]

1. Nf3 Nf6 2. c4 e6 3. g3 d5 4. Bg2 Be7 5. O-O O-O 6. d4 Nbd7 7. Qc2 c6 8. Nbd2
Re8 9. e4 Nxe4 10. Nxe4 dxe4 11. Qxe4 Nf6 12. Qc2 Bd6 13. Re1 h6 14. Bd2 Nd7
15. Bc3 a5 16. Rad1 Bb4 17. a3 Bxc3 18. Qxc3 a4 19. Ne5 Qc7 20. Nd3 b6 21. d5
Bb7 22. dxe6 Rxe6 23. Rxe6 fxe6 24. c5 Rd8 25. Re1 Nxc5 26. Nxc5 bxc5 27. Qc4
Qf7 28. Bh3 Bc8 29. Bxe6 Bxe6 30. Rxe6 Rf8 31. Qe2 1-0

[Event "Tradewise Gibraltar ChallWk2"]
[Site "Gibraltar"]
[Date "2017.01.28"]
[Round "1.29"]
[White "Lung, Liviu-Catalin"]
[Black "Obiamiwe, Paul"]
[Result "1-0"]
[WhiteElo "2090"]
[BlackElo "1926"]
[PlyCount "79"]
[EventDate "2017.01.28"]
[EventType "swiss"]
[EventRounds "5"]
[EventCountry "GGB"]
[SourceTitle "BritBase"]
[Source "www.saund.co.uk"]
[SourceDate "2018.02.10"]
[SourceVersion "1"]
[SourceVersionDate "2018.02.10"]
[SourceQuality "1"]

1. e4 e5 2. Nf3 Nc6 3. Bb5 a6 4. Ba4 Nf6 5. d4 exd4 6. O-O b5 7. Bb3 d6 8. Ng5
Ne5 9. f4 Nc4 10. e5 h6 11. exf6 hxg5 12. Qe2+ Kd7 13. Bxc4 bxc4 14. fxg5 g6
15. Qxc4 Qe8 16. Bf4 Bb7 17. Nd2 Qe6 18. Rae1 Qxc4 19. Nxc4 Bd5 20. b3 Be6 21.
Re4 d5 22. Ne5+ Kc8 23. Re2 Bc5 24. Kh1 Rg8 25. Nd3 Bb6 26. Rfe1 Kd7 27. Ne5+
Kc8 28. b4 a5 29. Nc6 Kd7 30. b5 Bc5 31. h3 a4 32. Be5 Bf5 33. Bxd4 Bd6 34. Ne7
Bxe7 35. Rxe7+ Kd8 36. Rxf7 Re8 37. Rxe8+ Kxe8 38. Rxc7 Kd8 39. b6 Rc8 40. f7
1-0

[Event "Tradewise Gibraltar ChallWk2"]
[Site "Gibraltar"]
[Date "2017.01.28"]
[Round "1.30"]
[White "Miracola, Giorgia"]
[Black "Korning, Peter"]
[Result "1/2-1/2"]
[WhiteElo "1924"]
[BlackElo "2080"]
[PlyCount "50"]
[EventDate "2017.01.28"]
[EventType "swiss"]
[EventRounds "5"]
[EventCountry "GGB"]
[SourceTitle "BritBase"]
[Source "www.saund.co.uk"]
[SourceDate "2018.02.10"]
[SourceVersion "1"]
[SourceVersionDate "2018.02.10"]
[SourceQuality "1"]

1. e4 e5 2. Nf3 Nc6 3. d4 exd4 4. Bc4 Nf6 5. O-O Nxe4 6. Re1 d5 7. Bxd5 Qxd5 8.
Nc3 Qd8 9. Nxe4 Be7 10. Bg5 f6 11. Bf4 O-O 12. c3 d3 13. Qb3+ Kh8 14. Rad1 Na5
15. Qb5 c6 16. Qxd3 Qxd3 17. Rxd3 Bf5 18. Nd4 Bg6 19. Ne6 Rf7 20. Rd7 Bf8 21.
Rxf7 Bxf7 22. Nxf8 Rxf8 23. Nd6 g5 24. Be3 b6 25. b4 Nc4 1/2-1/2

[Event "Tradewise Gibraltar ChallWk2"]
[Site "Gibraltar"]
[Date "2017.01.28"]
[Round "1.31"]
[White "Romero Valencia, Fernando"]
[Black "Mayank, Pal"]
[Result "1-0"]
[WhiteElo "2078"]
[BlackElo "1919"]
[PlyCount "86"]
[EventDate "2017.01.28"]
[EventType "swiss"]
[EventRounds "5"]
[EventCountry "GGB"]
[SourceTitle "BritBase"]
[Source "www.saund.co.uk"]
[SourceDate "2018.02.10"]
[SourceVersion "1"]
[SourceVersionDate "2018.02.10"]
[SourceQuality "1"]

1. f4 d5 2. Nf3 c5 3. g3 Nc6 4. Bg2 Nf6 5. O-O g6 6. d3 Bg7 7. c3 O-O 8. Na3 b6
9. e4 dxe4 10. dxe4 Ba6 11. Qxd8 Raxd8 12. Re1 Rfe8 13. e5 Nd5 14. Ng5 h6 15.
Ne4 Na5 16. Nc2 Bd3 17. Ne3 Nxe3 18. Bxe3 Nc4 19. Bc1 Na5 20. Nf2 Bb5 21. b4
cxb4 22. cxb4 Nc4 23. a4 Bd7 24. Bd5 Rc8 25. b5 Red8 26. Ba3 Nxa3 27. Rxa3 Rc2
28. Rd1 Be6 29. Bxe6 Rxd1+ 30. Nxd1 fxe6 31. Rc3 Ra2 32. Rc4 g5 33. Nf2 Kf7 34.
Kg2 gxf4 35. gxf4 Kg6 36. Kf3 Kf5 37. Rd4 Ra3+ 38. Nd3 h5 39. Kg3 Bh6 40. Kh4
Ra2 41. h3 Rd2 42. Kxh5 Bg7 43. Kh4 Rg2 1-0

[Event "Tradewise Gibraltar ChallWk2"]
[Site "Gibraltar"]
[Date "2017.01.28"]
[Round "1.32"]
[White "Marcos Herrero, Francisco"]
[Black "Havik, Victor"]
[Result "1-0"]
[WhiteElo "1918"]
[BlackElo "2074"]
[PlyCount "69"]
[EventDate "2017.01.28"]
[EventType "swiss"]
[EventRounds "5"]
[EventCountry "GGB"]
[SourceTitle "BritBase"]
[Source "www.saund.co.uk"]
[SourceDate "2018.02.10"]
[SourceVersion "1"]
[SourceVersionDate "2018.02.10"]
[SourceQuality "1"]

1. d4 Nf6 2. c4 e6 3. g3 c5 4. Nf3 cxd4 5. Nxd4 Bc5 6. Nb3 Be7 7. Bg2 O-O 8.
O-O Nc6 9. Nc3 d6 10. e4 a6 11. Be3 Qc7 12. Rc1 Re8 13. Nd5 exd5 14. cxd5 Bf8
15. dxc6 Nxe4 16. Qd4 Nc5 17. Qf4 Qb6 18. Nxc5 dxc5 19. b4 bxc6 20. bxc5 Qb7
21. Rb1 Qd7 22. Rb6 Bb7 23. Rfb1 Re7 24. Bf3 Rd8 25. Rd1 Qe8 26. Rxd8 Qxd8 27.
Bxc6 Bxc6 28. Rxc6 Qd1+ 29. Kg2 Qd5+ 30. Qf3 Qxa2 31. Rc8 Qe6 32. Rb8 a5 33. c6
Rc7 34. Bc5 Rc8 35. c7 1-0